L'histoire contemporaine depuis 1945
Gespeichert in:
| 1. Verfasser: | |
|---|---|
| Format: | Buch |
| Sprache: | Undetermined |
| Veröffentlicht: |
Paris
Larousse
1969
|
| Schlagworte: | |
| Tags: |
Tag hinzufügen
Keine Tags, Fügen Sie den ersten Tag hinzu!
|
| Thư viện lưu trữ: | Trung tâm Học liệu Trường Đại học Cần Thơ |
|---|
| LEADER | 00485nam a2200181Ia 4500 | ||
|---|---|---|---|
| 001 | CTU_26886 | ||
| 008 | 210402s9999 xx 000 0 und d | ||
| 082 | |a 940.55 | ||
| 082 | |b A769 | ||
| 100 | |a R Aron | ||
| 245 | 0 | |a L'histoire contemporaine depuis 1945 | |
| 245 | 0 | |c R Aron | |
| 260 | |a Paris | ||
| 260 | |b Larousse | ||
| 260 | |c 1969 | ||
| 650 | |a history, modern,world history - 20th century | ||
| 904 | |i Minh, 981021 | ||
| 980 | |a Trung tâm Học liệu Trường Đại học Cần Thơ | ||